000
00263nam a2200109Ia 4500
008
190907s9999||||xx |||||||||||||| ||und||
100
_a
Copi,Irving M.
245
0
_a
Introdduction to Logic
260
_a
New Delhi
_b
Prentice Hall
_c
2005
300
_a
646
942
_c
BK
999
_c
6479
_d
6479